Qualitative research : (Record no. 344772)
[ view plain ]
| 000 -LEADER | |
|---|---|
| fixed length control field | 01423 a2200253 4500 |
| 003 - CONTROL NUMBER IDENTIFIER | |
| control field | OSt |
| 005 - DATE AND TIME OF LATEST TRANSACTION | |
| control field | 20180116182723.0 |
| 008 - FIXED-LENGTH DATA ELEMENTS--GENERAL INFORMATION | |
| fixed length control field | 160427b xxu||||| |||| 00| 0 eng d |
| 020 ## - INTERNATIONAL STANDARD BOOK NUMBER | |
| International Standard Book Number | 0761949348 |
| 020 ## - INTERNATIONAL STANDARD BOOK NUMBER | |
| International Standard Book Number | 9780761949343 |
| 040 ## - CATALOGING SOURCE | |
| Transcribing agency | 0 |
| 082 04 - DEWEY DECIMAL CLASSIFICATION NUMBER | |
| Classification number | 001.4 |
| 100 ## - MAIN ENTRY--PERSONAL NAME | |
| Personal name | Silverman, Professor David. |
| 245 00 - TITLE STATEMENT | |
| Title | Qualitative research : |
| Remainder of title | theory, method and practice. |
| 250 ## - EDITION STATEMENT | |
| Edition statement | 2nd ed. |
| 260 ## - PUBLICATION, DISTRIBUTION, ETC. | |
| Place of publication, distribution, etc. | [S.l.] : |
| Name of publisher, distributor, etc. | Sage Publications Ltd, |
| Date of publication, distribution, etc. | 2004. |
| 300 ## - PHYSICAL DESCRIPTION | |
| Extent | 390 p. ; |
| Dimensions | 25 cm. |
| 500 ## - GENERAL NOTE | |
| General note | Paperback. |
| 520 ## - SUMMARY, ETC. | |
| Summary, etc. | Building on the global success of the First Edition of Qualitative Research: Theory, Method and Practice , the new edition has been thoroughly updated and revised. It succeeds in providing a comprehensive yet accessible guide to a variety of methodological approaches to qualitative research. Edited by David Silverman, the book brings together a team of internationally-renowned researchers to discuss the theory and practice of qualitative research. In each chapter, the contributors broaden our conception of qualitative research by drawing upon particular examples of data-analysis to advance their analytical arguments. |
| 700 1# - ADDED ENTRY--PERSONAL NAME | |
| Personal name | Silverman, Professor David. |
| 856 40 - ELECTRONIC LOCATION AND ACCESS | |
| Materials specified | Amazon.com |
| Uniform Resource Identifier | <a href="http://www.amazon.com/exec/obidos/ASIN/0761949348/chopaconline-20">http://www.amazon.com/exec/obidos/ASIN/0761949348/chopaconline-20</a> |
| 856 40 - ELECTRONIC LOCATION AND ACCESS | |
| Materials specified | Amazon customer reviews |
| Uniform Resource Identifier | <a href="http://www.chopac.org/cgi-bin/tools/azrev.pl?q=0761949348">http://www.chopac.org/cgi-bin/tools/azrev.pl?q=0761949348</a> |
| 942 ## - ADDED ENTRY ELEMENTS (KOHA) | |
| Institution code [OBSOLETE] | NBS |
| Koha item type | Book |
| Call number prefix | 001.4 SIL |
| Source of classification or shelving scheme | |
| Withdrawn status | Lost status | Damaged status | Not for loan | Collection code | Permanent Location | Current Location | Shelving location | Date acquired | Total Checkouts | Total Renewals | Full call number | Barcode | Date last seen | Date last checked out | Price effective from | Koha item type |
|---|---|---|---|---|---|---|---|---|---|---|---|---|---|---|---|---|
| Computer Science | Central Library (CL) | Central Library (CL) | First Floor - Computer Science | 08/28/2013 | 3 | 1 | 001.4 SIL | NBS6503 | 03/30/2022 | 11/12/2021 | 08/28/2013 | Book |
